Statistiques concernant Part de marché tractoristes

Cliquez ici pour prendre le quiz!

Statistiques générales

  • Ce quiz a été pris 61 fois
  • Le résultat moyen est 6 sur 16

Statistiques - réponses

HintRéponse% Correct
20.4%John Deere
98%
15.3%New Holland
77%
13.6%Fendt
75%
10.5%Claas
70%
8.5%Massey Ferguson
57%
5.8%Kubota
45%
7.9%Case IH
41%
5.5%Valtra
36%
5.3%Deutz-Fahr
30%
1.3%Landini
18%
2.0%Mc Cormick
18%
1.7%Same
18%
0.6%Lamborghini
14%
0.3%JCB
7%
0.5%Antonio Carraro
5%
0.2%Lindner
2%

Distribution des résultats

Percentile par nombre de réponses

% des personnes avec chaque résultat

Votre développement - résultats

Vous n’avez pas pris ce quiz